LEADER 01137cam0-22003851i-450- 001 990001506190403321 005 20040126175852.0 010 $a88-7075-582-7 035 $a000150619 035 $aFED01000150619 035 $a(Aleph)000150619FED01 035 $a000150619 100 $a20030611d2002----km-y0itay50------ba 101 0 $aita 102 $aIT 105 $aa---a---001yy 200 1 $a<>codice delle biblioteche$fDario D'Alessandro 210 $aMilano$cEditrice Bibliografica$d[2002] 215 $aXII, 538 p.$d25 cm 225 1 $a<>manuali della biblioteca$v4 610 0 $aBiblioteche pubbliche$aItalia$aLegislazione 610 0 $aBiblioteche universitarie$aItalia$aLegislazione 676 $a344.45092$v19 700 1$aD'Alessandro,$bDario$09895 801 0$aIT$bUNINA$gRICA$2UNIMARC 901 $aBK 912 $a990001506190403321 952 $a13 U 05 33$b13112$fFINBC 952 $a80 XXVI 101$b9813$fFFABC 952 $a13 U 05 33$b13112$fFINBC 952 $a80 XXVI 101$b9813$fFFABC 959 $aFINBC 959 $aFFABC 996 $aCodice delle biblioteche$985714 997 $aUNINA LEADER 01439nam 2200397 a 450 001 9910700766103321 005 20110712144051.0 035 $a(CKB)5470000002411345 035 $a(OCoLC)740899170 035 $a(EXLCZ)995470000002411345 100 $a20110712d2010 ua 0 101 0 $aeng 135 $aurmn||||||||| 181 $ctxt$2rdacontent 182 $cc$2rdamedia 183 $acr$2rdacarrier 200 10$aClimate change$b[electronic resource] $ethe quality, comparability, and review of emissions inventories vary between developed and developing nations : report to congressional requesters 210 1$a[Washington, D.C.] :$cU.S. Govt. Accountability Office,$d[2010] 215 $a1 online resource (ii, 47 pages) $ccolor illustrations 300 $aTitle from PDF title screen (GAO, viewed July 7, 2011). 300 $a"July 2010." 300 $a"GAO-10-818." 320 $aIncludes bibliographical references. 517 $aClimate change 606 $aGreenhouse gases$zDeveloping countries$xMeasurement 606 $aGreenhouse effect, Atmospheric$zDeveloping countries 606 $aClimatic changes$xMeasurement 615 0$aGreenhouse gases$xMeasurement. 615 0$aGreenhouse effect, Atmospheric 615 0$aClimatic changes$xMeasurement. 801 0$bGPO 801 1$bGPO 906 $aBOOK 912 $a9910700766103321 996 $aClimate change$9250420 997 $aUNINA